| 000 | 02910nam a2200529 i 4500 | ||
|---|---|---|---|
| 001 | 78018 | ||
| 003 | 0 | ||
| 005 | 20241217151429.0 | ||
| 006 | m o d | | ||
| 007 | cr cnu|||||||| | ||
| 008 | 210602s2020 sp o 000 0 spa d | ||
| 020 |
_a9788446050162 _z(e-book) |
||
| 020 | _z9788446049999 | ||
| 035 | _a(OCoLC)1257034615 | ||
| 040 |
_aFINmELB _bspa _erda _cFINmELB |
||
| 050 | 4 |
_aHB501 _b.W754 2020 |
|
| 080 | _a330 | ||
| 082 | 0 | 4 |
_a330.122 _223 |
| 100 | 1 |
_aWright, Erik Olin, _eautor. |
|
| 245 | 1 | 0 |
_aCómo ser anticapitalista en el siglo XXI / _cErik Olin Wright ; traducción de Cristina Piña Aldao. |
| 264 | 1 |
_aTres Cantos,Madrid : _bAkal, _c2020. |
|
| 300 | _a1 recurso en línea (118 páginas) | ||
| 336 |
_atexto _btxt _2rdacontent/spa |
||
| 337 |
_acomputadora _bc _2rdamedia/spa |
||
| 338 |
_arecurso en línea _bcr _2rdacarrier/spa |
||
| 490 | 1 |
_aPensamiento crítico ; _v91 |
|
| 505 | 0 | _aPágina legal -- Prefacio -- I. ¿Por qué ser anticapitalista? -- II. Diagnóstico y crítica del capitalismo -- III. Variedades de anticapitalismo -- IV. Un destino fuera del capitalismo: el socialismo como democracia económica -- V. El anticapitalismo y el Estado -- VI. Los agentes de la transformación -- Epílogo. | |
| 520 | _aEl capitalismo ha transformado el mundo y aumentado nuestra productividad, pero a costa de un enorme sufrimiento humano. Nuestros valores compartidos igualdad y equidad, democracia y libertad, comunidad y solidaridad pueden proporcionar la base para una crítica al capitalismo y ayudar a guiarnos hacia una sociedad socialista y democrática.Erik Olin Wright ha compendiado décadas de trabajo en este manifiesto conciso y estrictamente argumentado: analizando las variedades de anticapitalismo, evaluando los diferentes enfoques estratégicos, y sentando las bases para una sociedad dedicada a la prosperidad humana. Cómo ser anticapitalista en el siglo XXI es un argumento urgente y poderoso a favor del socialismo, y una guía incomparable para ayudarnos a alcanzarlo. Otro mundo es posible. | ||
| 588 | _aDescripción basada en metadatos suministrados por el editor y otras fuentes. | ||
| 590 | _aRecurso electrónico. Santa Fe, Arg.: elibro, 2021. Disponible vía World Wide Web. El acceso puede estar limitado para las bibliotecas afiliadas a elibro. | ||
| 650 | 0 | _aSocialism. | |
| 650 | 4 | _aSocialismo. | |
| 650 | 4 | _aEconomía social. | |
| 650 | 4 | _aCapitalismo. | |
| 650 | 0 | _aEpidemics. | |
| 650 | 0 |
_aEconomics _xSocial aspects. |
|
| 650 | 0 | _aCapitalism. | |
| 655 | 4 | _aLibros electrónicos. | |
| 700 | 1 |
_aPiña Aldao, Cristina, _etraductor. |
|
| 797 | 2 | _aelibro, Corp. | |
| 830 | 0 |
_aPensamiento crítico ; _v91. |
|
| 856 | 4 | 0 | _uhttps://elibro.net/ereader/politecnicointernacional/169286 |
| 942 | _cLIBROS | ||
| 999 |
_c78018 _d78018 |
||